Uplatnenie diagnostických metód vo veľkých podnikoch

Guardado en:
Detalles Bibliográficos
Autor principal: Brezániová, Mária
Formato: Capítulo de libro
Lenguaje:inglés
eslovaco
Etiquetas: Agregar Etiqueta
Sin Etiquetas, Sea el primero en etiquetar este registro!

MARC

LEADER 00000nla a2200000 4500
001 0176989
005 20240502073022.1
041 0 |a eng 
041 0 |a slo 
044 |a SK 
245 1 0 |a Uplatnenie diagnostických metód vo veľkých podnikoch  |c Mária Brezániová 
500 |a Abstrakt 
100 1 |a Brezániová, Mária